000
00204 a2200109 4500
020
_a
9780176240103
041
_a
eng
100
_a
Heather Hammonds
245
_a
A witd Chime
942
_c
BK
952
_7
1
999
_c
18797
_d
18797